| Поле | Название | Значение |
| |
Тип записи |
a |
| |
Библиографический уровень |
m |
| 001 |
Контрольный номер |
admiBOOK00020194 |
| 005 |
Дата корректировки |
20140508173800.2 |
| 010 |
Индекс ISBN |
__ |
| a |
ISBN |
978-5-9916-1246-3 |
| d |
Цена |
401,00 |
| 100 |
Данные общей обработки |
__ |
| a |
Данные общей обработки |
19020213 |||y0 y0189 ca |
| 101 |
Язык документа |
__ |
| a |
Язык текста |
rus |
| 105 |
Кодированные данные (монография) |
__ |
| a |
Кодированные данные (монография) |
zy |
| 200 |
Заглавие и сведения об ответственности |
0_ |
| a |
Заглавие |
Таможенное право |
| e |
Сведения, относящиеся к заглавию |
Учебник |
| f |
Первые сведения об ответственности |
Д.В.Чермянинов; отв. ред. Д.Н.Бахрах |
| 205 |
Сведения об издании |
__ |
| b |
Дополнительные сведения об издании |
Рек. МО и науки РФ |
| 210 |
Выходные данные |
__ |
| a |
Место издания |
М |
| c |
Издательство |
Издательство Юрайт |
| d |
Дата издания |
2011 |
| 215 |
Физическое описание |
__ |
| a |
Объем |
388с. |
| 225 |
Серия |
__ |
| a |
Серия |
Основы наук |
| 606 |
Тематические рубрики |
__ |
| a |
Основная рубрика |
Таможенная служба |
| x |
Основная подрубрика |
Таможенноеправо |
| 610 |
Ключевые слова |
__ |
| a |
Ключевые слова |
Таможенное право |
| a |
Ключевые слова |
Таможенная служба |
| a |
Ключевые слова |
Таможенное дело |
| 686 |
Индексы других классификаций |
__ |
| a |
Классификационный индекс |
67.401.21 |
| 700 |
Автор |
__ |
| a |
Фамилия |
Чермянинов |
| b |
Имя |
Д.В. |
| 852 |
Данные о местонахождении |
__ |
| c |
Местонахождение стеллажа |
67.401.21 |
| j |
Шифр хранения |
67.401.21 |
| 852 |
Данные о местонахождении |
__ |
| b |
Сигла хранения |
ЧЗ_2 |
| t |
Номер экземпляра |
1 |
| i |
Авторский знак |
Ч48 |
| p |
Инвентарный номер |
149677 |
| 901 |
Тип документа |
__ |
| t |
Тип документа |
m |
| 911 |
|
__ |
| u |
|
952a=Учебник |
| u |
|
952p=2406 |
| 938 |
Служебная информация |
__ |
| a |
Название организации |
Саранский филиал |
| b |
Имя БД |
OUTPUT.MRC_Саранск |
| c |
Название АИБС |
АИБС Библиотека |